| 000 | 00985namaa2200313 i 4500 | ||
|---|---|---|---|
| 999 |
_c200429873 _d47799 |
||
| 001 | 200429873 | ||
| 003 | TR-AnTOB | ||
| 005 | 20251121120018.0 | ||
| 007 | ta | ||
| 008 | 180613s2008 tu g 010 0dtur d | ||
| 020 | _a9786059446716 | ||
| 040 |
_aTR-AnTOB _beng _erda _cTR-AnTOB _dTR-AnTOB |
||
| 041 | 0 | _atur | |
| 050 | 0 | 0 |
_aKKX1630 _b.M57 2018 |
| 090 |
_aKKX1630 _b.M57 2018 |
||
| 100 | 1 |
_aMısır, Mehmet Haşim, _d1948- _eauthor _9120359 |
|
| 245 | 1 | 0 |
_aAvukatın görev suçları / _cMehmet Haşim Mısır. |
| 264 | 1 |
_aAnkara : _bTürkiye Barolar Birliği, _c2018. |
|
| 300 |
_axix, 554 pages ; _c24 cm. |
||
| 336 |
_atext _2rdacontent _btxt |
||
| 337 |
_aunmediated _2rdamedia _bn |
||
| 338 |
_avolume _2rdacarrier _bnc |
||
| 490 | 0 |
_aTürkiye Barolar Birliği Yayınları ; _v355 |
|
| 504 | _aIncludes bibliographical references. | ||
| 650 | 0 |
_aHukukçular _zTürkiye _9120360 |
|
| 650 | 0 |
_aLawyers _zTurkey _991842 |
|
| 942 |
_2lcc _cBK |
||